• AIU
  • Tony Wilmot Memorial Library

Games people play : (Record no. 31215)

MARC details
000 -LEADER
fixed length control field 00754nam a22002411a 4500
001 - CONTROL NUMBER
control field 4058994
003 - CONTROL NUMBER IDENTIFIER
control field OSt
005 - DATE AND TIME OF LATEST TRANSACTION
control field 20180119153711.0
008 - FIXED-LENGTH DATA ELEMENTS--GENERAL INFORMATION
fixed length control field 711216s1964 nyua b 000 0 eng
010 ## - LIBRARY OF CONGRESS CONTROL NUMBER
LC control number 64013783
040 ## - CATALOGING SOURCE
Original cataloging agency DLC
Transcribing agency DLC
Modifying agency DLC
050 00 - LIBRARY OF CONGRESS CALL NUMBER
Classification number HM132
Item number .B46 1964
082 00 - DEWEY DECIMAL CLASSIFICATION NUMBER
Classification number HM 132 .B46 1964
100 1# - MAIN ENTRY--PERSONAL NAME
Personal name Berne, Eric.
9 (RLIN) 44347
245 10 - TITLE STATEMENT
Title Games people play :
Remainder of title the psychology of human relationships.
Statement of responsibility, etc Eric Berne
Medium [Text]
260 ## - PUBLICATION, DISTRIBUTION, ETC. (IMPRINT)
Place of publication, distribution, etc New York
Name of publisher, distributor, etc Grove Press
Date of publication, distribution, etc [1964]
300 ## - PHYSICAL DESCRIPTION
Extent 192 p. illus. 21 cm.
504 ## - BIBLIOGRAPHY, ETC. NOTE
Bibliography, etc Includes Index
650 #0 - SUBJECT ADDED ENTRY--TOPICAL TERM
Topical term or geographic name as entry element Interpersonal relations.
9 (RLIN) 44348
650 #0 - SUBJECT ADDED ENTRY--TOPICAL TERM
Topical term or geographic name as entry element Social interaction.
9 (RLIN) 44349
906 ## - LOCAL DATA ELEMENT F, LDF (RLIN)
a 7
b cbc
c orignew
d u
e ocip
f 19
g y-gencatlg
942 ## - ADDED ENTRY ELEMENTS (KOHA)
Source of classification or shelving scheme Library of Congress Classification
Koha item type Books
Holdings
Withdrawn status Lost status Source of classification or shelving scheme Damaged status Not for loan Collection code Home library Current library Shelving location Date acquired Source of acquisition Cost, normal purchase price Total Checkouts Total Renewals Full call number Barcode Date last seen Date checked out Copy number Price effective from Koha item type
    Library of Congress Classification     General Circulation AIU/NEGST - Tony Wilmot Memorial Library AIU/NEGST - Tony Wilmot Memorial Library General Stacks 02/08/2010 Stevens Bookshop 25.00 2 1 HM 132 .B46 1964 R19606J3232 02/28/2020 02/25/2020 1 02/08/2010 Books
    Library of Congress Classification     General Circulation AIU/NEGST - Tony Wilmot Memorial Library AIU/NEGST - Tony Wilmot Memorial Library General Stacks 02/08/2010   4.95     HM 132 .B46 1964 R19607K3232 09/02/2019   2 02/08/2010 Books